[Event "1. OEsterreichische Internet Schach Meisterschaft - Vorrunde 1"]
[Site "Online - Playchess.com"]
[Date ""]
[Round "5"]
[Board "10"]
[White "Platzgummer, Fabian"]
[Black "Kruckenhauser, Arthur"]
[Result "1-0"]
[WhiteElo "2336"]
[BlackElo "2233"]
[PlyCount "153"]
[EventDate "2020.04.11"]
[EventRounds "9"]
[EventCountry "AUT"]

1. Nf3 c5 2. c4 b6 3. Nc3 Bb7 4. e4 e6 5. d4 cxd4 6. Nxd4 d6 7. Be3 a6 8. f3
Nf6 9. Qd2 Nbd7 10. Be2 Be7 11. O-O O-O 12. Rfc1 Rc8 13. a4 Qc7 14. a5 Rfe8 15.
Nb3 Nc5 16. axb6 Nxb3 17. Qd1 Nxc1 18. bxc7 Nxe2+ 19. Nxe2 Rxc7 20. b3 Rb8 21.
Ba7 Ra8 22. Bb6 Rc6 23. Bf2 Bc8 24. Nd4 Rc7 25. Qe2 Rb8 26. Rb1 Nd7 27. b4 Ne5
28. b5 Nxc4 29. Qa2 axb5 30. Nxb5 Rc6 31. Na7 Ra6 32. Qc2 Rxb1+ 33. Qxb1 Bd7
34. h4 Bf8 35. h5 Ra4 36. Nb5 Na3 37. Nxa3 Rxa3 38. Qb7 Ba4 39. Qa8 Ra1+ 40.
Kh2 Ra2 41. Bg3 Bb3 42. Qd8 Rd2 43. h6 gxh6 44. Bh4 Kg7 45. Bf6+ Kg6 46. Qxf8
Kxf6 47. Qxh6+ Ke7 48. Qxd2 Ba4 49. Kg3 Bd7 50. Kf4 e5+ 51. Kg5 f6+ 52. Kh6 f5
53. Kxh7 f4 54. Kg6 Be6 55. Kg5 Kf7 56. Qxd6 Bb3 57. Qxe5 Be6 58. Qxf4+ Ke7 59.
Qf6+ Kd7 60. g3 Bc4 61. f4 Be6 62. e5 Bb3 63. Kh6 Be6 64. Kg7 Bc4 65. g4 Bb3
66. f5 Bc4 67. g5 Bb3 68. Kf8 Kc7 69. g6 Ba2 70. e6 Bxe6 71. Qxe6 Kd8 72. f6
Kc7 73. f7 Kd8 74. Qe7+ Kc8 75. g7 Kb8 76. g8=Q Ka8 77. Kg7#  1-0

[Event "1. OEsterreichische Internet Schach Meisterschaft - Vorrunde 1"]
[Site "Online - Playchess.com"]
[Date ""]
[Round "5"]
[Board "12"]
[White "Neuschmied, Siegfried"]
[Black "Soelkner, Julian"]
[Result "1-0"]
[WhiteElo "2268"]
[BlackElo "1484"]
[PlyCount "75"]
[EventDate "2020.04.11"]
[EventRounds "9"]
[EventCountry "AUT"]

1. e4 d6 2. d4 Nf6 3. Nc3 Nbd7 4. Nge2 e5 5. h3 Be7 6. g4 c6 7. Bg2 Nf8 8. Be3
Ng6 9. Ng3 Qc7 10. Nf5 Be6 11. Nxg7+ Kf8 12. Bh6 Kg8 13. Nxe6 fxe6 14. h4 Kf7
15. dxe5 Nxe5 16. g5 Nfg4 17. Bf3 Nxh6 18. gxh6 Bf6 19. Bh5+ Ke7 20. Qe2 Rhg8
21. O-O-O a5 22. Rh3 a4 23. f4 Nf7 24. Bxf7 Kxf7 25. e5 dxe5 26. fxe5 Bxe5 27.
Rf3+ Ke7 28. Re3 Bf4 29. Kb1 Bxe3 30. Qxe3 a3 31. Qc5+ Kf7 32. Rf1+ Ke8 33. Ne4
Qe7 34. Nf6+ Kd8 35. Rd1+ Qd7 36. Rxd7+ Kc8 37. bxa3 Rg6 38. Qf8#  1-0

[Event "1. OEsterreichische Internet Schach Meisterschaft - Vorrunde 1"]
[Site "Online - Playchess.com"]
[Date ""]
[Round "5"]
[Board "13"]
[White "Weichhart, Daniel"]
[Black "Perhinig, Robert"]
[Result "0-1"]
[WhiteElo "1648"]
[BlackElo "2252"]
[PlyCount "103"]
[EventDate "2020.04.11"]
[EventRounds "9"]
[EventCountry "AUT"]

1. e4 e6 2. d4 d5 3. e5 c5 4. c3 Nc6 5. Nf3 Qb6 6. Na3 cxd4 7. cxd4 Nge7 8. Nc2
Nf5 9. Be2 Nb4 10. Nxb4 Bxb4+ 11. Bd2 Bxd2+ 12. Qxd2 Bd7 13. O-O Rc8 14. Rfc1
O-O 15. a4 a5 16. Rxc8 Rxc8 17. g4 Ne7 18. Bd3 Nc6 19. Rc1 Qb4 20. Qxb4 Nxb4
21. Rxc8+ Bxc8 22. Ne1 Bd7 23. b3 Kf8 24. Kf1 h6 25. Ke2 f6 26. f4 Ke7 27. Nf3
g5 28. fxg5 fxg5 29. h4 gxh4 30. Nxh4 Nxd3 31. Kxd3 b5 32. axb5 Bxb5+ 33. Ke3
Kf7 34. Ng2 Ke7 35. Nf4 Be8 36. Kf3 Bf7 37. Ke2 Kd7 38. Kd2 Kc6 39. Kc3 Kb5 40.
Nd3 Bg6 41. Nc5 Bf7 42. Kd3 Kb4 43. Nb7 Bg6+ 44. Ke3 Bf7 45. Nd6 Kxb3 46. Nxf7
a4 47. Nxh6 a3 48. g5 a2 49. g6 a1=Q 50. Ng4 Qc1+ 51. Kf3 Qg5 52. g7  0-1

[Event "1. OEsterreichische Internet Schach Meisterschaft - Vorrunde 1"]
[Site "Online - Playchess.com"]
[Date ""]
[Round "5"]
[Board "14"]
[White "Hiermann, Dietmar"]
[Black "Poecksteiner, Johann"]
[Result "1-0"]
[WhiteElo "2250"]
[BlackElo "2155"]
[PlyCount "89"]
[EventDate "2020.04.11"]
[EventRounds "9"]
[EventCountry "AUT"]

1. e4 d5 2. exd5 Qxd5 3. Nc3 Qa5 4. Bc4 Nf6 5. h3 c6 6. Qe2 Bf5 7. d3 Nbd7 8.
g4 Bg6 9. f4 h6 10. f5 Bh7 11. Nf3 g6 12. fxg6 Bxg6 13. Bd2 Qc7 14. O-O-O O-O-O
15. Kb1 Bg7 16. Nh4 Qe5 17. Qf2 Nb6 18. Bb3 Nfd5 19. Rde1 Qf6 20. Qg3 Qd6 21.
Qxd6 exd6 22. Nxg6 fxg6 23. Nxd5 Nxd5 24. Bxd5 cxd5 25. Re6 g5 26. c3 Be5 27.
d4 Bg7 28. Rg6 Rd7 29. Rf1 Kc7 30. Kc2 b5 31. Kd3 a6 32. Be1 Re8 33. Bg3 Re4
34. Bxd6+ Rxd6 35. Rxg7+ Kb6 36. Rgf7 Ka5 37. R7f6 Rd7 38. Rxh6 Rde7 39. Rf2
Re1 40. Kc2 Rh1 41. Rff6 Rh2+ 42. Kb3 Ra7 43. Ka3 b4+ 44. cxb4+ Kb5 45. Rc6  1-0

[Event "1. OEsterreichische Internet Schach Meisterschaft - Vorrunde 1"]
[Site "Online - Playchess.com"]
[Date ""]
[Round "5"]
[Board "15"]
[White "Bachner, Karsten"]
[Black "Schernthaner, David"]
[Result "1/2-1/2"]
[WhiteElo "1997"]
[BlackElo "2220"]
[PlyCount "97"]
[EventDate "2020.04.11"]
[EventRounds "9"]
[EventCountry "AUT"]

1. e4 e6 2. d4 d5 3. Nc3 dxe4 4. Nxe4 Nd7 5. Bg5 Be7 6. Bxe7 Qxe7 7. Qd2 Ngf6
8. Nxf6+ Nxf6 9. Bd3 O-O 10. O-O-O b6 11. Ne2 Bb7 12. f3 c5 13. dxc5 Qxc5 14.
g4 Bxf3 15. Rhg1 Be4 16. g5 Bxd3 17. Qxd3 Nd5 18. Kb1 Qe3 19. Rg3 Qxd3 20.
Rgxd3 Rac8 21. b3 b5 22. Kb2 Rc7 23. Nd4 a6 24. a4 bxa4 25. Ra1 axb3 26. cxb3
Rfc8 27. Rd2 Ra8 28. Ra5 Kf8 29. h4 Ne3 30. Re2 Nd1+ 31. Ka3 Nc3 32. Rxe6 Rd8
33. Rc6 Rxd4 34. Rxc7 Nb5+ 35. Rxb5 axb5 36. Rb7 Rxh4 37. Rxb5 Rg4 38. Rc5 Ke7
39. b4 Kd6 40. Ka4 h5 41. gxh6 gxh6 42. Rh5 Rg6 43. b5 Kc7 44. Rf5 Kb6 45. Rxf7
Rg4+ 46. Kb3 Kxb5 47. Rf5+ Kc6 48. Rf6+ Kd5 49. Rxh6  1/2-1/2

[Event "1. OEsterreichische Internet Schach Meisterschaft - Vorrunde 1"]
[Site "Online - Playchess.com"]
[Date ""]
[Round "5"]
[Board "16"]
[White "Hofstadler, Mario"]
[Black "Juenger, Heinz"]
[Result "0-1"]
[WhiteElo "1867"]
[BlackElo "2165"]
[PlyCount "82"]
[EventDate "2020.04.11"]
[EventRounds "9"]
[EventCountry "AUT"]

1. d4 Nf6 2. Bg5 d5 3. e3 c5 4. c3 Nc6 5. Nf3 Qb6 6. Qb3 c4 7. Qxb6 axb6 8.
Bxf6 gxf6 9. Nbd2 b5 10. Be2 b4 11. O-O bxc3 12. bxc3 e6 13. a4 f5 14. Rfb1 Bd6
15. Ne1 Ra7 16. f3 O-O 17. e4 fxe4 18. fxe4 Bf4 19. Nef3 Bd7 20. Kf2 Rfa8 21.
Bd1 Nd8 22. exd5 exd5 23. g3 Bxd2 24. Nxd2 Bxa4 25. Bf3 Bc6 26. Rxa7 Rxa7 27.
Ke3 Ra3 28. Rc1 f6 29. Nb1 Ra2 30. h4 Kf7 31. Nd2 Ra3 32. Nb1 Ra2 33. Nd2 b5
34. Nb1 Rb2 35. Kf4 Ne6+ 36. Kg4 Rf2 37. Na3 h5+ 38. Kxh5 Rxf3 39. g4 Rh3 40.
Rf1 Kg7 41. Re1 Nf4#  0-1

[Event "1. OEsterreichische Internet Schach Meisterschaft - Vorrunde 1"]
[Site "Online - Playchess.com"]
[Date ""]
[Round "5"]
[Board "17"]
[White "Goelles, Herbert"]
[Black "Trippold, Denise"]
[Result "1/2-1/2"]
[WhiteElo "1705"]
[BlackElo "2150"]
[PlyCount "217"]
[EventDate "2020.04.11"]
[EventRounds "9"]
[EventCountry "AUT"]

1. d3 d5 2. g3 c5 3. Bg2 Nf6 4. f4 g6 5. Nf3 Bg7 6. O-O O-O 7. c3 Nc6 8. Na3
Re8 9. Nh4 h6 10. e4 dxe4 11. dxe4 Qxd1 12. Rxd1 e5 13. f5 g5 14. Nf3 a6 15.
Re1 b5 16. Nc2 c4 17. h3 Bf8 18. g4 Bb7 19. Nd2 Bc5+ 20. Kh2 Rad8 21. Re2 Rd3
22. Nf1 Nb8 23. Ng3 Red8 24. Be3 Bxe3 25. Nxe3 Nbd7 26. Rae1 Nc5 27. Nef1 a5
28. a3 Bc6 29. Kg1 Rb8 30. Nh2 Rxg3 31. Kf2 Rd3 32. Kg1 b4 33. axb4 axb4 34. h4
bxc3 35. bxc3 Rxc3 36. hxg5 hxg5 37. Nf3 Nfxe4 38. Nxe5 Ba8 39. Nf3 Nf6 40.
Nxg5 Bxg2 41. Kxg2 Nxg4 42. Nf3 Nf6 43. Rg1 Kf8 44. Ne5 Rcb3 45. Nxc4 Rc3 46.
Nd6 Rcb3 47. Rh1 Rb2 48. Kf2 Rxe2+ 49. Kxe2 Ke7 50. Nc4 Rb4 51. Ne3 Re4 52. Kf3
Re5 53. Rc1 Nd3 54. Ra1 Rb5 55. Ra7+ Ke8 56. Ra8+ Ke7 57. Ra7+ Kf8 58. Ra6 Nd5
59. Ng4 Nc3 60. Ra8+ Kg7 61. f6+ Kg6 62. Rg8+ Kf5 63. Rg7 Ne5+ 64. Nxe5 Rxe5
65. Rxf7 Kg6 66. Rc7 Nd5 67. Rc6 Kf7 68. Ra6 Re3+ 69. Kf2 Rb3 70. Rd6 Nf4 71.
Ra6 Nd5 72. Ke2 Nxf6 73. Kd2 Kg6 74. Kc2 Rh3 75. Kd2 Kf5 76. Ke2 Ne4 77. Ra5+
Kf4 78. Ra4 Rh2+ 79. Kf1 Rb2 80. Ra8 Rc2 81. Rf8+ Ke3 82. Ra8 Kf3 83. Ra3+ Nc3
84. Kg1 Rc1+ 85. Kh2 Kf2 86. Kh3 Ne2 87. Kg4 Rc5 88. Rf3+ Ke1 89. Rf8 Kd2 90.
Rf7 Re5 91. Rd7+ Ke3 92. Ra7 Nd4 93. Ra3+ Ke4 94. Ra4 Re8 95. Kg5 Rg8+ 96. Kf6
Re8 97. Kf7 Re5 98. Kf6 Re6+ 99. Kf7 Rb6 100. Ke7 Ke5 101. Ra5+ Nb5 102. Kf7
Kf5 103. Ke7 Ke5 104. Kf7 Kd6 105. Ra1 Kd5 106. Rd1+ Nd4 107. Ke7 Rh6 108. Kf7
Ra6 109. Ke7 {Detri bietet Remis}  1/2-1/2

[Event "1. OEsterreichische Internet Schach Meisterschaft - Vorrunde 1"]
[Site "Online - Playchess.com"]
[Date ""]
[Round "5"]
[Board "18"]
[White "Hessenberger, Andreas"]
[Black "Bachler, Reinhard"]
[Result "0-1"]
[WhiteElo "2019"]
[BlackElo "2143"]
[PlyCount "126"]
[EventDate "2020.04.11"]
[EventRounds "9"]
[EventCountry "AUT"]

1. e4 c5 2. c3 d6 3. d4 Nd7 4. Be3 g6 5. Bd3 Qb6 6. b3 Bg7 7. Ne2 a6 8. Nd2
Ngf6 9. Nc4 Qc7 10. O-O b5 11. Nb2 Bb7 12. f3 O-O 13. Rc1 Rac8 14. Bb1 Rfd8 15.
Qe1 e5 16. d5 Ra8 17. Qh4 Rf8 18. g4 a5 19. g5 Nh5 20. Ng3 Nxg3 21. hxg3 a4 22.
Kg2 Rfe8 23. Rh1 Nf8 24. Nd3 axb3 25. axb3 Ra3 26. Bc2 Rea8 27. Nf2 Bc8 28. Bd1
Ra2 29. f4 Rb2 30. f5 gxf5 31. exf5 Bxf5 32. Bg4 Be4+ 33. Kg1 Bxh1 34. Qxh1
Raa2 35. Bf5 Qa7 36. Ne4 Rg2+ 37. Kf1 Rh2 38. Qf3 Rab2 39. Nxd6 Qa3 40. Bxh7+
Kxh7 41. Qxf7 Rbf2+ 42. Qxf2 Rxf2+ 43. Kxf2 Qxb3 44. Rh1+ Kg8 45. g6 Qxd5 46.
Rd1 Qxd1 47. Bxc5 Qd2+ 48. Kf3 Qxc3+ 49. Be3 e4+ 50. Nxe4 Qe5 51. Bf4 Qd5 52.
Ke3 Nxg6 53. Ng5 Nxf4 54. gxf4 Qc4 55. Kf3 b4 56. Kg4 b3 57. Kh5 b2 58. f5 b1=Q
59. f6 Qh1+ 60. Kg6 Qd3+ 61. Ne4 Qdxe4+ 62. Kg5 Qhg2+ 63. Kh5 Qh7#  0-1

[Event "1. OEsterreichische Internet Schach Meisterschaft - Vorrunde 1"]
[Site "Online - Playchess.com"]
[Date ""]
[Round "5"]
[Board "19"]
[White "Kranz, Armin"]
[Black "Borrmann, Laurenz"]
[Result "0-1"]
[WhiteElo "2119"]
[BlackElo "1880"]
[PlyCount "210"]
[EventDate "2020.04.11"]
[EventRounds "9"]
[EventCountry "AUT"]

1. d4 Nf6 2. Nf3 g6 3. c4 Bg7 4. Nc3 d5 5. cxd5 Nxd5 6. e4 Nxc3 7. bxc3 c5 8.
Be3 Qa5 9. Qd2 Nc6 10. Rc1 O-O 11. d5 Ne5 12. Nxe5 Bxe5 13. f4 Bg7 14. Be2 Rd8
15. O-O e5 16. fxe5 Bxe5 17. Bf4 Qc7 18. Bxe5 Qxe5 19. Qf4 Qe7 20. Bc4 b6 21.
d6 Rxd6 22. Bxf7+ Kg7 23. e5 Rd8 24. e6 Bb7 25. Qe5+ Kh6 26. Qf4+ Kg7 27. Qe5+
Kh6 28. Qf6 Qxf6 29. Rf4 Rd2 30. Rxf6 Rxg2+ 31. Kf1 Rxh2 32. Re1 Kg7 33. Rf2
Rh1+ 34. Ke2 Rxe1+ 35. Kxe1 Kf8 36. Bxg6+ Ke7 37. Bf7 Bd5 38. Rh2 Bxa2 39. Rxh7
Bxe6 40. Bh5+ Kd6 41. Rh6 Ke5 42. Bf3 Re8 43. Bc6 Re7 44. Bb5 a5 45. Ke2 Ra7
46. Ba4 Rb7 47. Bb5 Bb3 48. Ke3 a4 49. Rh5+ Kd6 50. Ke4 Re7+ 51. Kd3 a3 52.
Rh6+ Re6 53. Rh1 a2 54. c4 Rg6 55. Kc3 Rg3+ 56. Kb2 Ke5 57. Re1+ Kd4 58. Rf1
Bxc4 59. Rf4+ Ke5 60. Rxc4 Rb3+ 61. Kxa2 Rxb5 62. Rc2 Kd5 63. Rh2 Rb4 64. Rh5+
Kc6 65. Rh3 Kb5 66. Ka3 Ka5 67. Rg3 Rd4 68. Rf3 Kb5 69. Rh3 c4 70. Rh5+ Kc6 71.
Kb4 Rg4 72. Rh6+ Kc7 73. Rh5 Kb7 74. Rh6 Ka6 75. Rh5 Rf4 76. Rh6 Rd4 77. Rh5
Kb7 78. Rh7+ Kc6 79. Rh5 Re4 80. Rh6+ Kc7 81. Rh7+ Kd6 82. Rh6+ Kc7 83. Rh7+
Kc6 84. Rh6+ Kd5 85. Rxb6 Re1 86. Rb5+ Kd4 87. Rh5 Rb1+ 88. Ka3 Rb3+ 89. Ka2
Rb4 90. Rh3 c3 91. Rh4+ Kc5 92. Rh5+ Kb6 93. Rh6+ Ka5 94. Rh5+ Ka4 95. Rh2 Rc4
96. Rc2 Kb4 97. Kb1 Kb3 98. Kc1 Rg4 99. Kb1 Rg1+ 100. Rc1 Rxc1+ 101. Kxc1 c2
102. Kd2 Kb2 103. Kd3 c1=Q 104. Kd4 Qc3+ 105. Ke4 Qd2  0-1

[Event "1. OEsterreichische Internet Schach Meisterschaft - Vorrunde 1"]
[Site "Online - Playchess.com"]
[Date ""]
[Round "5"]
[Board "20"]
[White "Poetz, Florian"]
[Black "Galler, Alexander"]
[Result "1-0"]
[WhiteElo "2422"]
[BlackElo "1772"]
[PlyCount "53"]
[EventDate "2020.04.11"]
[EventRounds "9"]
[EventCountry "AUT"]

1. e4 c5 2. Nf3 d6 3. d4 cxd4 4. Nxd4 Nf6 5. Nc3 a6 6. h3 e5 7. Nb3 h5 8. f4
Be6 9. f5 Bxb3 10. axb3 Nc6 11. Be3 Be7 12. Bc4 b5 13. Bd5 Nxd5 14. Nxd5 Nb4
15. Nxb4 Bh4+ 16. Kf1 O-O 17. Nd5 g6 18. Qf3 Qc8 19. c3 Kg7 20. f6+ Kh7 21. g3
Bxf6 22. Qxf6 Qe6 23. Kg2 Qxf6 24. Nxf6+ Kg7 25. Rhf1 Rfc8 26. Nd5 Rc6 27. Nb4
{Chessalex gibt auf}  1-0

[Event "1. OEsterreichische Internet Schach Meisterschaft - Vorrunde 1"]
[Site "Online - Playchess.com"]
[Date ""]
[Round "5"]
[Board "21"]
[White "Lerch, Johannes"]
[Black "Schreiner, Peter"]
[Result "0-1"]
[WhiteElo "2005"]
[BlackElo "2440"]
[PlyCount "72"]
[EventDate "2020.04.11"]
[EventRounds "9"]
[EventCountry "AUT"]

1. e4 c5 2. Nc3 a6 3. g3 b5 4. Bg2 Bb7 5. d3 e6 6. f4 d5 7. e5 h5 8. h3 Nc6 9.
Nce2 Nge7 10. Nf3 Nf5 11. g4 Nh4 12. Kf1 Nxg2 13. Kxg2 d4 14. Ng3 Nb4 15. a3
Nd5 16. Ne4 Be7 17. Bd2 Qb6 18. Qe2 O-O-O 19. a4 b4 20. Rag1 a5 21. b3 Kb8 22.
Kf1 Ka7 23. Ke1 Nc3 24. Nxc3 dxc3 25. Be3 Qc6 26. Kf2 Ka8 27. g5 f6 28. h4 Rhf8
29. Kg3 fxg5 30. Nxg5 Bxg5 31. hxg5 g6 32. Rh4 Rf5 33. Bf2 Rdf8 34. Qe3 Rxg5+
35. Kh2 Rxg1 36. Bxg1 Qg2#  0-1

[Event "1. OEsterreichische Internet Schach Meisterschaft - Vorrunde 1"]
[Site "Online - Playchess.com"]
[Date ""]
[Round "5"]
[Board "22"]
[White "Froewis, Annika"]
[Black "Wukits, Rene"]
[Result "0-1"]
[WhiteElo "2136"]
[BlackElo "2312"]
[PlyCount "60"]
[EventDate "2020.04.11"]
[EventRounds "9"]
[EventCountry "AUT"]

1. e4 c5 2. Nf3 d6 3. d4 cxd4 4. Nxd4 Nf6 5. Nc3 g6 6. Be3 Bg7 7. f3 O-O 8. Qd2
Nc6 9. O-O-O d5 10. Kb1 e5 11. Nxc6 bxc6 12. exd5 Nxd5 13. Nxd5 cxd5 14. Qxd5
Qxd5 15. Rxd5 Be6 16. Rb5 a6 17. Rb7 Rfd8 18. Be2 Bd5 19. Rb6 e4 20. Rd1 exf3
21. gxf3 a5 22. Bg5 Re8 23. Bb5 Bxf3 24. Rf1 Re5 25. Bf4 Rxb5 26. Rxb5 Be2 27.
Rb8+ Rxb8 28. Bxb8 Bxf1 29. Bc7 a4 30. b4 Bc3 {Zeit}  0-1

[Event "1. OEsterreichische Internet Schach Meisterschaft - Vorrunde 1"]
[Site "Online - Playchess.com"]
[Date ""]
[Round "5"]
[Board "23"]
[White "Bauer, Sebastian"]
[Black "Mostbauer, Florian"]
[Result "1-0"]
[WhiteElo "2237"]
[BlackElo "2309"]
[PlyCount "77"]
[EventDate "2020.04.11"]
[EventRounds "9"]
[EventCountry "AUT"]

1. e4 c6 2. c4 d5 3. cxd5 cxd5 4. exd5 Nf6 5. Nc3 Nxd5 6. Nf3 e6 7. d4 Be7 8.
Bd3 O-O 9. O-O Nc6 10. Re1 Ncb4 11. Bb1 Nxc3 12. bxc3 Nd5 13. Ne5 Nxc3 14.
Bxh7+ Kxh7 15. Qd3+ Kg8 16. Qxc3 Bd7 17. Qf3 Bc6 18. Nxc6 bxc6 19. Be3 Qd5 20.
Qg4 Rfd8 21. Rec1 Bf6 22. Rc5 Qxc5 23. dxc5 Bxa1 24. h4 Rd5 25. h5 Rad8 26. h6
g6 27. Qf3 Rf5 28. Qxc6 Bd4 29. Bxd4 Rxd4 30. Qe8+ Kh7 31. Qf8 Rd1+ 32. Kh2
Rh5+ 33. Kg3 Rxh6 34. Qxf7+ Kh8 35. c6 Rh5 36. c7 Rg5+ 37. Kf3 Rc1 38. Qf6+ Kh7
39. Qxg5 {Ajkom197 gibt auf}  1-0

[Event "1. OEsterreichische Internet Schach Meisterschaft - Vorrunde 1"]
[Site "Online - Playchess.com"]
[Date ""]
[Round "5"]
[Board "24"]
[White "Grafenberger, Dieter"]
[Black "Novkovic, Julia"]
[Result "0-1"]
[WhiteElo "1953"]
[BlackElo "2170"]
[PlyCount "58"]
[EventDate "2020.04.11"]
[EventRounds "9"]
[EventCountry "AUT"]

1. d4 g6 2. Bf4 Bg7 3. Nc3 d6 4. e4 c6 5. Qd2 Nd7 6. h4 e5 7. dxe5 dxe5 8. Be3
Qc7 9. O-O-O Ngf6 10. f3 b6 11. g4 Nf8 12. h5 gxh5 13. g5 N6d7 14. Bc4 Ng6 15.
Rxh5 Ndf8 16. Nge2 Be6 17. Bb3 Bxb3 18. cxb3 Ne6 19. Ng3 Nef4 20. Rh2 Rd8 21.
Qc2 Rxd1+ 22. Nxd1 Qd8 23. Nf2 O-O 24. Nf5 Qxg5 25. Nxg7 Kxg7 26. Ng4 h5 27.
Nf2 Qg1+ 28. Nd1 Qg3 29. Bxf4 Nxf4 {Zeit}  0-1

[Event "1. OEsterreichische Internet Schach Meisterschaft - Vorrunde 1"]
[Site "Online - Playchess.com"]
[Date ""]
[Round "5"]
[Board "25"]
[White "Doskocil, Klaus"]
[Black "Maierhofer, Johann"]
[Result "1/2-1/2"]
[WhiteElo "2157"]
[BlackElo "2087"]
[PlyCount "133"]
[EventDate "2020.04.11"]
[EventRounds "9"]
[EventCountry "AUT"]

1. e4 e6 2. d4 d5 3. Nd2 dxe4 4. Nxe4 Bd7 5. Nf3 Bc6 6. Bd3 Nd7 7. c3 Ngf6 8.
Ng3 Be7 9. O-O O-O 10. Qe2 Bxf3 11. Qxf3 c6 12. a4 Re8 13. Bf4 Nf8 14. a5 a6
15. Rfe1 Ng6 16. Bg5 Qc7 17. h3 Rad8 18. b4 Rd5 19. Bxf6 Bxf6 20. Bc4 Rd7 21.
Ne4 Be7 22. g3 Nf8 23. Rad1 Rdd8 24. Kg2 Nd7 25. h4 Nf6 26. Ng5 h6 27. Rh1 Rf8
28. Ne4 Nxe4 29. Qxe4 h5 30. Rde1 Bf6 31. Qf3 Rfe8 32. Qxh5 e5 33. dxe5 Rxe5
34. Rxe5 Bxe5 35. Qf3 Bf6 36. h5 Bg5 37. Re1 Qd7 38. Re4 Bh6 39. Rd4 Qe7 40.
Rxd8+ Qxd8 41. Qxf7+ Kh8 42. Be6 Bd2 43. Qxb7 Bxc3 44. Qxa6 Bxb4 45. Qxc6 Bxa5
46. Qc8 Qxc8 47. Bxc8 Kh7 48. g4 Kh6 49. Kg3 Bc7+ 50. Kf3 Kg5 51. Bd7 Be5 52.
Be6 Bf4 53. Ke4 Bh2 54. f3 Bf4 55. Kd5 Bh2 56. Kc6 Kf4 57. Bd5 Kg5 58. Kd7 Be5
59. Ke6 Bf4 60. Kf7 Be5 61. Kg8 Bd4 62. Kh7 Be5 63. Be4 Bf6 64. Bd5 Be5 65. Be4
Bf6 66. Kg8 Be5 67. Kf7 {Dandi bietet Remis}  1/2-1/2

[Event "1. OEsterreichische Internet Schach Meisterschaft - Vorrunde 1"]
[Site "Online - Playchess.com"]
[Date ""]
[Round "5"]
[Board "26"]
[White "Pilshofer, Paul"]
[Black "Kuecher, Wolfgang"]
[Result "1-0"]
[WhiteElo "1715"]
[BlackElo "2117"]
[PlyCount "97"]
[EventDate "2020.04.11"]
[EventRounds "9"]
[EventCountry "AUT"]

1. d4 Nf6 2. Nf3 c5 3. c3 g6 4. g3 Bg7 5. Bg2 O-O 6. O-O d5 7. Bg5 Ne4 8. Bf4
Nc6 9. Ne5 Nxe5 10. Bxe5 f6 11. Bf4 e5 12. Be3 cxd4 13. cxd4 f5 14. f3 exd4 15.
Bxd4 Nf6 16. Nc3 Be6 17. Rc1 Qd7 18. Qa4 Rfd8 19. Qxd7 Rxd7 20. Nb5 Ne8 21.
Bxg7 Kxg7 22. Rfd1 a6 23. Nd4 Bf7 24. Nb3 b6 25. e4 fxe4 26. fxe4 Nf6 27. exd5
Bxd5 28. Bxd5 Nxd5 29. Rc2 Rad8 30. Rcd2 Nf6 31. Nd4 Kf7 32. Nc6 Rxd2 33. Nxd8+
Rxd8 34. Rxd8 Ke7 35. Ra8 a5 36. Rb8 Nd7 37. Rh8 Nf8 38. Kf2 Kf7 39. Ke3 Kg7
40. Rxf8 Kxf8 41. Kd4 Ke7 42. Ke5 Kd7 43. Kf6 b5 44. Kg7 Ke7 45. Kxh7 Kf7 46.
Kh6 Kf6 47. g4 Kf7 48. g5 b4 49. b3 {Matts7 gibt auf}  1-0

[Event "1. OEsterreichische Internet Schach Meisterschaft - Vorrunde 1"]
[Site "Online - Playchess.com"]
[Date ""]
[Round "5"]
[Board "27"]
[White "Iro, Christian"]
[Black "Kapferer, Romed"]
[Result "1-0"]
[WhiteElo "2081"]
[BlackElo "2081"]
[PlyCount "87"]
[EventDate "2020.04.11"]
[EventRounds "9"]
[EventCountry "AUT"]

1. e4 c6 2. d4 d5 3. Nc3 dxe4 4. Nxe4 Nf6 5. Nxf6+ gxf6 6. Nf3 Bg4 7. c3 Qc7 8.
h3 Bh5 9. Be2 e6 10. Be3 Bd6 11. Qb3 Nd7 12. O-O-O O-O-O 13. g4 Bg6 14. Nd2 Nb6
15. Nc4 Nxc4 16. Qxc4 Qa5 17. f4 Be4 18. Rhg1 Bd5 19. Qd3 Qxa2 20. c4 Qa1+ 21.
Kc2 Qa4+ 22. Kb1 Bxc4 23. Qxc4 Qa5 24. Bd2 Qc7 25. Qa4 Kb8 26. Rgf1 Be7 27. Be3
Rd5 28. Bf3 Ra5 29. Qc2 Rb5 30. Be2 Rd5 31. Bc4 Rd7 32. Be2 h6 33. Bf3 Qa5 34.
Qc3 Qa4 35. Qc2 Qa5 36. Qb3 Rhd8 37. Bxc6 Rc7 38. Bf3 Rd6 39. d5 exd5 40. Rxd5
Rxd5 41. Bxd5 Qa6 42. Rc1 Rxc1+ 43. Bxc1 Qd6 44. Qxb7#  1-0

[Event "1. OEsterreichische Internet Schach Meisterschaft - Vorrunde 1"]
[Site "Online - Playchess.com"]
[Date ""]
[Round "5"]
[Board "28"]
[White "Moritz, Christian"]
[Black "Glaner, Marcus Franz"]
[Result "1-0"]
[WhiteElo "2077"]
[BlackElo "1939"]
[PlyCount "121"]
[EventDate "2020.04.11"]
[EventRounds "9"]
[EventCountry "AUT"]

1. d4 Nf6 2. Nf3 g6 3. c4 Bg7 4. Nc3 d5 5. cxd5 Nxd5 6. e4 Nxc3 7. bxc3 O-O 8.
Be2 c5 9. O-O Nc6 10. Be3 cxd4 11. cxd4 b6 12. d5 Ne5 13. Nd4 Bb7 14. f4 Nd7
15. Bf3 Nc5 16. Rb1 Rc8 17. Nb5 a6 18. Na7 Rb8 19. e5 Qc7 20. Nc6 Bxc6 21. dxc6
Rfd8 22. Qc2 Ne6 23. Rfd1 b5 24. g4 Rxd1+ 25. Rxd1 Rd8 26. Rxd8+ Qxd8 27. f5
Nc7 28. Qc5 gxf5 29. gxf5 Qd3 30. Kf2 Qxf5 31. Qxe7 Qxe5 32. Qd8+ Bf8 33. h4
Ne6 34. Qd5 Qxd5 35. Bxd5 Bd6 36. Kf3 Nc7 37. Be4 Kg7 38. Bb6 h6 39. Kg4 Kf6
40. Be3 Ke5 41. Bf3 f5+ 42. Kh5 f4 43. Bf2 Bf8 44. Kg6 Kd6 45. Kf7 Ne6 46. Bg4
Kxc6 47. Bxe6 Bc5 48. Bxc5 Kxc5 49. Bg4 Kd4 50. Kg6 Ke3 51. Kxh6 f3 52. Kg5 f2
53. Bh3 a5 54. h5 a4 55. Bf1 b4 56. h6 b3 57. axb3 axb3 58. h7 Kd2 59. h8=Q Ke1
60. Bd3 b2 61. Qxb2 {Frzfrz gibt auf}  1-0

[Event "1. OEsterreichische Internet Schach Meisterschaft - Vorrunde 1"]
[Site "Online - Playchess.com"]
[Date ""]
[Round "5"]
[Board "29"]
[White "Charaus, Florian"]
[Black "Rosol, Alexander"]
[Result "1-0"]
[WhiteElo "2055"]
[BlackElo "1933"]
[PlyCount "82"]
[EventDate "2020.04.11"]
[EventRounds "9"]
[EventCountry "AUT"]

1. d4 Nf6 2. c4 g6 3. Nc3 Bg7 4. e4 d6 5. Be2 O-O 6. Be3 e5 7. d5 a5 8. g4 h6
9. h4 Nbd7 10. Qd2 Nxe4 11. Nxe4 f5 12. gxf5 gxf5 13. Bxh6 fxe4 14. O-O-O Bxh6
15. Qxh6 Qf6 16. Qxf6 Rxf6 17. Nh3 Nc5 18. Rdg1+ Kh8 19. Ng5 Rxf2 20. Bh5 Nd3+
21. Kb1 Rxb2+ 22. Ka1 Bf5 23. Nf7+ Kh7 24. Rg5 Rf2 25. Rhg1 Bg6 26. Bxg6+ Kg7
27. Bh5+ Kf8 28. Rg8+ Ke7 29. Rxa8 Nb4 30. Rc8 Nc2+ 31. Kb1 Na3+ 32. Kc1 Rxa2
33. Rxc7+ Kf8 34. Nxd6 Ra1+ 35. Kb2 Rxg1 36. Kxa3 Rg3+ 37. Ka4 e3 38. Rf7+ Kg8
39. Rf3 Rg1 40. Rxe3 Ra1+ 41. Kb5 Ra3 {Nasnaseez gibt auf}  1-0

[Event "1. OEsterreichische Internet Schach Meisterschaft - Vorrunde 1"]
[Site "Online - Playchess.com"]
[Date ""]
[Round "5"]
[Board "30"]
[White "Kern, Michael"]
[Black "Filek, Mattias"]
[Result "0-1"]
[WhiteElo "1957"]
[BlackElo "1932"]
[PlyCount "68"]
[EventDate "2020.04.11"]
[EventRounds "9"]
[EventCountry "AUT"]

1. d4 Nf6 2. Bf4 d5 3. e3 e6 4. Nd2 Bd6 5. Bg3 c5 6. c3 Qc7 7. Ngf3 Nbd7 8.
dxc5 Nxc5 9. Bb5+ Bd7 10. Bxd7+ Ncxd7 11. Qe2 O-O 12. O-O e5 13. e4 Rfe8 14.
Nh4 g6 15. Nhf3 Nc5 16. exd5 Nxd5 17. Ne4 Nxe4 18. Qxe4 Nf6 19. Qh4 Kg7 20.
Rad1 Rad8 21. Ng5 h6 22. Ne4 Nxe4 23. Qxe4 Re6 24. Rd5 Rde8 25. Rfd1 f5 26. Qa4
a6 27. f3 Kh7 28. Qc2 Rd8 29. Qd3 e4 30. Bxd6 exd3 31. Bxc7 Rxd5 32. f4 Re2 33.
b4 d2 34. Be5 Re1+ {Franky93 gibt auf}  0-1